书目信息 |
| 题名: |
婚姻家庭继承法教学案例
|
|
| 作者: | 田岚 主编 | |
| 分册: | ||
| 出版信息: | 北京 中国政法大学出版社 1999.05 |
|
| 页数: | 250页 | |
| 开本: | 32开 | |
| 丛书名: | ||
| 单 册: | ||
| 中图分类: | D923.95 | |
| 科图分类: | ||
| 主题词: | 法律--中国 | |
| 电子资源: | ||
| ISBN: | 7-5620-1846-4 | |
| 000 | 00576nam0 2200193 45 | |
| 001 | 0010241738 | |
| 005 | 20001024171109.7 | |
| 010 | @a7-5620-1846-4@d12.80元 | |
| 100 | @a20001024d1999 km y0chiy0120 ea | |
| 101 | 0 | @achi |
| 105 | @a z 000yy | |
| 200 | 1 | @a婚姻家庭继承法教学案例@AHun Yin Jia Ting Ji Cheng Fa Jiao Xue An Li@f田岚主编@FTian Lan Zhu Bian |
| 210 | @a北京@c中国政法大学出版社@d1999.05 | |
| 215 | @a250页@d32开 | |
| 606 | 0 | @a法律@x中国 |
| 690 | @aD923.95@v3 | |
| 701 | 0 | @a田岚@4主编 |
| 801 | @aCN@bPftUser@c20001024 | |
| 905 | @b186317-321@dD923.95@eT.193@f5 | |
| 婚姻家庭继承法教学案例/田岚主编.-北京:中国政法大学出版社,1999.05 |
| 250页;32开 |
| ISBN 7-5620-1846-4:12.80元 |
| ● |
| 相关链接 |
|
|
|
正题名:婚姻家庭继承法教学案例
索取号:D923.95/T.193
 
预约/预借
| 序号 | 登录号 | 条形码 | 馆藏地/架位号 | 状态 | 备注 |
| 1 | 186317 | 201863171 | 社科库509/509社科库 95排2列4层/ [索取号:D923.95/T.193] | 在馆 | |
| 2 | 186318 | 201863180 | 社科库509/509社科库 95排2列4层/ [索取号:D923.95/T.193] | 在馆 | |
| 3 | 186319 | 201863199 | 社科库509/509社科库 95排2列4层/ [索取号:D923.95/T.193] | 在馆 | |
| 4 | 186320 | 201863206 | 社科库509/509社科库 95排2列4层/ [索取号:D923.95/T.193] | 在馆 | |
| 5 | 186321 | 201863215 | 社科库509/509社科库 95排2列4层/ [索取号:D923.95/T.193] | 在馆 |